Atlas de música / (Record no. 12541)
[ view plain ]
| 000 -LEADER | |
|---|---|
| campo de control de longitud fija | 01274nam a2200337 i 4500 |
| 001 - NÚMERO DE CONTROL | |
| campo de control | 12541 |
| 003 - IDENTIFICADOR DE NÚMERO DE CONTROL | |
| campo de control | ES-MaACL |
| 005 - FECHA Y HORA DE LA ÚLTIMA TRANSACCIÓN | |
| campo de control | 20230906150335.0 |
| 007 - CAMPO FIJO DE DESCRIPCIÓN FÍSICA--INFORMACIÓN GENERAL | |
| campo de control de longitud fija | t| |
| 008 - DATOS DE LONGITUD FIJA--INFORMACIÓN GENERAL | |
| campo de control de longitud fija | 910822m1996 sp e ||||0| spa |
| 020 ## - NÚMERO INTERNACIONAL ESTÁNDAR DEL LIBRO | |
| Número Internacional Estándar del Libro | 84-206-6999-7 |
| 080 ## - NÚMERO DE LA CLASIFICACIÓN DECIMAL UNIVERSAL | |
| Número de la Clasificación Decimal Universal | 78(084.4) |
| 100 1# - ENTRADA PRINCIPAL--NOMBRE DE PERSONA | |
| Nombre de persona | Michels, Ulrich. |
| 9 (RLIN) | 80932 |
| 245 10 - MENCIÓN DEL TÍTULO | |
| Título | Atlas de música / |
| Mención de responsabilidad, etc. | Ulrich Michels ; ilustraciones de Gunther Vogel. |
| 250 ## - MENCION DE EDICION | |
| Mención de edición | 1ª ed., 8ª reimp. (v.1), 3ª reimp. (v. 2). |
| 260 ## - PUBLICACIÓN, DISTRIBUCIÓN, ETC. | |
| Lugar de publicación, distribución, etc. | Madrid : |
| Nombre del editor, distribuidor, etc. | Alianza Editorial, |
| Fecha de publicación, distribución, etc. | 1996. |
| 300 ## - DESCRIPCIÓN FÍSICA | |
| Extensión | 2 v : |
| Otras características físicas | il. col. y n ; |
| Dimensiones | 20 cm. |
| 490 1# - MENCIÓN DE SERIE | |
| Mención de serie | Alianza atlas ; |
| Designación de volumen o secuencia | 1, 10 |
| 500 ## - NOTA GENERAL | |
| Nota general | Índices. |
| 504 ## - NOTA DE BIBLIOGRAFÍA, ETC. | |
| Nota de bibliografía, etc. | Referencias bibliográficas. |
| 505 8# - NOTA DE CONTENIDO CON FORMATO | |
| Nota de contenido con formato | Contiene: 1. Atlas de música 1 / versión española de León Mames; revisión técnica de Juan José Rey - 2. Atlas de música 2: parte histórica: del Barroco hasta hoy / versión española de Rafael Banús; revisión técnica de Luis Carlos Gago |
| 650 #4 - PUNTO DE ACCESO ADICIONAL DE MATERIA--TÉRMINO DE MATERIA | |
| Término de materia o nombre geográfico como elemento de entrada | Música- |
| Subdivisión de forma | Enciclopedias. |
| 9 (RLIN) | 154079 |
| 700 1# - ENTRADA AGREGADA--NOMBRE PERSONAL | |
| Nombre de persona | Vogel, Gunther. |
| 9 (RLIN) | 115649 |
| 700 1# - ENTRADA AGREGADA--NOMBRE PERSONAL | |
| Nombre de persona | Mames, León. |
| 9 (RLIN) | 75899 |
| 700 1# - ENTRADA AGREGADA--NOMBRE PERSONAL | |
| Nombre de persona | Rey, Juan José. |
| 9 (RLIN) | 96503 |
| 700 1# - ENTRADA AGREGADA--NOMBRE PERSONAL | |
| Nombre de persona | Banús, Rafael. |
| 9 (RLIN) | 25217 |
| 700 1# - ENTRADA AGREGADA--NOMBRE PERSONAL | |
| Nombre de persona | Gago, Luis Carlos. |
| 9 (RLIN) | 53230 |
| 830 1# - PUNTO DE ACCESO ADICIONAL DE SERIE-TÍTULO UNIFORME | |
| Título uniforme | Alianza atlas ; |
| Designación de volumen o secuencia | 1, 10 |
| 9 (RLIN) | 179317 |
| 852 4# - LOCALIZACIÓN | |
| Ubicación | ES-MaACL |
| Número de control de estantería | L-19923-24 |
| Estatus retirado | Estado de pérdida | Estado de daño | No para préstamo | Biblioteca de origen | Biblioteca actual | Ubicación en estantería | Fecha de adquisición | Fuente de adquisición | Total de préstamos | Signatura topográfica completa | Código de barras | Visto por última vez | Precio de reemplazo | Tipo de ítem Koha |
|---|---|---|---|---|---|---|---|---|---|---|---|---|---|---|
| Biblioteca del Ateneo de Madrid | Biblioteca del Ateneo de Madrid | Depósito 2 | 17/01/2008 | L-19923-24 | 1012777 | 23/02/2023 | 23/02/2023 | Libro impreso |
